Cartoon Characters Quiz! #7 - Statistics

General Stats
  • This quiz has been taken 61 times
  • The average score is 11 of 16
Answer Stats
Picture Answer % Correct
Elsa
94%
Anna
83%
Stewie Griffin
83%
Mike
81%
Meg Griffin
77%
Lois Griffin
72%
Chris Griffin
68%
Taz
68%
Po
66%
Yogi Bear
66%
Foghorn Leghorn
60%
Jetsons
60%
Marvin The Martian
55%
Yosemite Sam
55%
Stan
43%
Huckleberry Hound
36%
No matching quizzes found
Score Distribution
Percent of People with Each Score
Percentile by Number Answered
Your Score History
You have not taken this quiz